000 00574nam a2200181 i 4500
001 31120
003 ES-MaACL
005 20230906154320.0
007 t|
008 030128s1915 fr ||||1| fre d
100 1 _aBaudelaire, Charles.
_926513
245 1 3 _aLe spleen de Paris
_b: petits poemes en prose /
_cCharles Baudelaire ; edition revue... et publie par Ad Van Bever.
250 _a3eme ed.
260 _a[S.l. :
_bs.n.,
_c1915] (
_eTours :
_fE. Arrault et Cie)
300 _a290 p. ;
_c18 cm.
700 0 _aBever, Adolphe van.
_928713
852 _aES-MaACL
_jF-3507
999 _c31120
_d31120